Prví slovanskí svätci

Bibliographic Details
Main Author: Vasiľ, Cyril, 1965- (Author)
Format: Book
Language:Slovak
PhysicalDescription:70 s. obr. 20 cm
Published: Košice Byzant 1996
ISBN:8085581159
Edition:1. vyd.
Subjects:

MARC

LEADER 00000cam a2200000 a 4500
001 vtls001318403
003 SK-MaSNL
005 20260426014145.0
008 240315s1996 xo a 000 0 slo
015 |a SNBA1998/05-01627 
020 |a 8085581159  |q (brož.) 
035 |a SNK000270953 
035 |a urn:nbn:sk:snk-amjc7l 
035 |a urn:nbn:sk:snk-am003pl8 
035 |a E9BB695E-EF98-4685-AFE9-A6C3B172910C 
040 |a SNK  |b slo  |c SNK  |e AACR2 
041 0 |a slo 
044 |a xo  |c SK 
080 |a 235:929  |2 1981 
080 |a 929  |2 1981 
100 1 |a Vasiľ, Cyril,  |d 1965-  |4 aut  |9 226431 
245 1 0 |a Prví slovanskí svätci  |c Cyril Vasiľ 
250 |a 1. vyd. 
260 |a Košice  |b Byzant  |c 1996 
300 |a 70 s.  |b obr.  |c 20 cm 
650 0 7 |a svätci  |2 SNKPH  |9 1606 
651 7 |a Slovensko  |2 SNKPHgeo  |9 14231 
655 7 |a príručky  |2 SNKPH  |9 74364 
655 7 |a biografie  |2 SNKPH  |9 27965 
919 |a 80-85581-15-9 
958 |a SS 
958 |a TL 
999 |c 1146644  |d 1148574 
952 |t P60, <03>, [BOOK], {603}  |a SNK  |b SNK  |y PREZ  |7 0  |p 17A0118428  |o snkSD 69220  |i snkKSP 1059/98  |0 0  |1 0  |4 0  |d 1998-01-30  |l 0  |r 2005-01-02 00:00:00  |w 2026-02-24 
952 |t P60, <04>, [BOOK], {604}  |a SNK  |b SNK  |y VYP  |7 0  |p 17A0118427  |o snkSD 69220 D1  |i snkKSP 1060/98  |0 0  |1 0  |4 0  |d 1998-01-30  |f 1  |l 0  |r 2005-01-02 00:00:00  |w 2026-02-24